Najwyższa góra każdego państwa - Statystyki

Ogólne statystyki
  • Ten quiz został rozwiązany 10 razy
  • Średni wynik to 36 z 194
Statystyki odpowiedzi
Państwo Najwyższa góra % Poprawnych
Australia Góra Kościuszki
86%
Nepal Mount Everest
71%
Polska Rysy
71%
Słowacja Gerlach
57%
Chiny Mount Everest
57%
Argentyna Aconcagua
43%
Stany Zjednoczone Ameryki Denali
43%
Francja Mont Blanc
43%
Afganistan Noszak
43%
Czechy Śnieżka
43%
Filipiny Apo
29%
Armenia Aragac
29%
Turcja Ararat
29%
Azerbejdzan Bazarduzu Dagi
29%
Antigua i Barbuda Boggy Peak
29%
Ekwador Chimborazo
29%
Mongolia Chujten
29%
Andora Coma Pedrosa
29%
Nauru Command Ridge
29%
Arabia Saudyjska Dżabal As Sauda
29%
Rosja Elbrus
29%
Japonia Fudżi
29%
Bhutan Gangkhar Puensum
29%
Albania Golem Korab
29%
Nowa Zelandia Góra Cooka
29%
Egipt Góra Świętej Katarzyny
29%
Austria Grossglockner
29%
Burundi Heha
29%
Ukraina Howerla
29%
Indonezja Jaya
29%
Pakistan K2
29%
Kamerun Kamerun
29%
Indie Kanczendzonga
29%
Kenia Kenia
29%
Tanzania Kilimandżaro
29%
Kanada Logan
29%
Samoa Mauga Silisili
29%
Angola Morro de Moco
29%
Bahamy Mount Alvernia
29%
Vanuatu Mount Tabwemasana
29%
Fidżi Mount Victoria
29%
Gwinea Bissau Nienazwany szczyt
29%
Kiribati Nienazwany szczyt
29%
Malediwy Nienazwany szczyt
29%
Senegal Nienazwany szczyt
29%
Tonga Nienazwany szczyt
29%
Tuvalu Nienazwany szczyt
29%
Wyspy Marshalla Nienazwany szczyt
29%
Zjednoczone Emiraty Arabskie Nienazwany szczyt
29%
Wyspy Świętego Tomasza i Książęca Pico de Sao Tome
29%
Sri Lanka Pidurutalagala
29%
Gambia Red Rock
29%
Kirgistan Szczyt Zwycięstwa
29%
Algieria Tahat
29%
Watykan Wzgórze Watykańskie
29%
Turkmenistan Ajribaba
14%
Wielka Brytania Ben Nevis
14%
Libia Bikku Bitti
14%
Mozambik Binga
14%
Sierra Leone Bintumani
14%
Brunei Bukit Pagon
14%
Irlandia Carrantuohill
14%
Kostaryka Cerro Chirripo
14%
Honduras Cerro Las Minas
14%
Kazachstan Chan Tengri
14%
Nigeria Chappal Waddi
14%
Irak Cheekha Dar
14%
Monako Chemin des Revoires
14%
Kolumbia Cristobal Colon i Simon Bolivar
14%
Mołdawia Dealul Balanesti
14%
Sudan Deriba Caldera
14%
Tajlandia Doi Inthanon
14%
Belize Doyle's Delight
14%
Szwajcaria Dufourspitze
14%
Jemen Dżabal an Nabi Szuajb
14%
Tunezja Dżabal asz Szanabi
14%
Oman Dżabal Szams
14%
Maroko Dżabal Tubkal
14%
Jordania Dżabal Umm ad Dami
14%
Trynidad i Tobago El Cerro del Aripo
14%
Salwador El Pital
14%
Czad Emi Kussi
14%
Eswatini Emlembe
14%
Timor Wschodni Foho Tatamailau
14%
Norwegia Galdhopiggen
14%
Macedonia Północna Golem Korab
14%
Litwa Góra Auksztocka
14%
Białoruś Góra Dzierżyńska
14%
Demokratyczna Republika Konga Góra Stanleya
14%
Uganda Góra Stanleya
14%
Papua Nowa Gwinea Góra Wilhelma
14%
Liechtenstein Grauspitz
14%
Korea Południowa Halla San
14%
Izrael Hermon
14%
Syria Hermon
14%
Mjanma Hkakabo Razi
14%
Mali Hombori Tondo
14%
Peru Huascaran
14%
Islandia Hvannadalshnukur
14%
Zimbabwe Inyangani
14%
Surinam Juliana Top
14%
Rwanda Karisimbi
14%
Komory Kartala
14%
Szwecja Kebnekaise
14%
Węgry Kekes
14%
Uzbekistan Khazret Sultan
14%
Mauretania Kidjat Idżdżil
14%
Malezja Kinabalu
14%
Sudan Południowy Kinyeti
14%
Namibia Konigstein
14%
Katar Kurajn abu al Baul
14%
Liban Kurnat as Sauda
14%
Republika Południowej Afryki Mafadi
14%
Zambia Mafinga
14%
Bośnia i Hercegowina Maglić
14%
Madagaskar Maromokotro
14%
Serbia Midżur
14%
Nikaragua Mogoton
14%
Rumunia Moldoveanu
14%
Botswana Monalanong Hill
14%
Togo Mont Agou
14%
Gabon Mont Bengoue
14%
Włochy Mont Blanc de Courmayeur
14%
San Marino Monte Titano
14%
Niger Mont Idoukal n Taghes
14%
Kongo Mont Nabeba
14%
Republika Środkowoafrykańska Mont Ngaoui
14%
Dominika Morne Diablotins
14%
Saint Lucia Mount Gimie
14%
Barbados Mount Hillaby
14%
Saint Kitts i Nevis Mount Liamuiga
14%
Mikronezja Mount Nanlaud
14%
Wsypy Salomona Mount Popomanaseu
14%
Liberia Mount Wuteve
14%
Bangladesz Mowdok
14%
Dżibuti Musa Ali
14%
Bułgaria Musała
14%
Grecja Mytikas
14%
Gwinea Nimba
14%
Wybrzeże Kości Słoniowej Nimba
14%
Chile Ojos del Salado
14%
Cypr Olimbos
14%
Meksyk Orizaba
14%
Korea Północna Pektu San
14%
Wietnam Phan Xi Pang
14%
Kambodża Phnum Aoral
14%
Laos Phou Bia
14%
Burkina Faso Pic de Nakourou
14%
Haiti Pic la Selle
14%
Portugalia Pico
14%
Gwinea Równikowa Pico Basile
14%
Wenezuela Pico Bolivar
14%
Brazylia Pico da Neblina
14%
Hiszpania Pico de Teide
14%
Republika Zielonego Przylądka Pico do Fogo
14%
Dominikana Pico Duarte
14%
Mauritius Piton de la Petite Riviere Noire
14%
Etiopia Ras Daszan
14%
Finlandia Ridnitsohkka
14%
Gujana Roraima
14%
Boliwia Sajama
14%
Malawi Sapitwa
14%
Somalia Shimbiris
14%
Belgia Signal de Botrange
14%
Erytrea Soira
14%
Benin Sokbaro
14%
Saint Vincent i Grenadyny Soufriere
14%
Gruzja Szchara
14%
Tadżykistan Szczyt Ismaila Samaniego
14%
Malta Ta Dmejrek
14%
Gwatemala Tajumulco
14%
Lesotho Thabana Ntlenyana
14%
Słowenia Triglav
14%
Kuba Turquino
14%
Panama Volcan de Chiriqui
14%
Chorwacja Vrh Dinare
14%
Czarnogóra Zla Kolata
14%
Niemcy Zugspitze
14%
Jamajka Blue Mountian Peak
0%
Singapur Bukit Timah
0%
Urugwaj Catedral
0%
Paragwaj Cerro Pero
0%
Iran Demawend
0%
Bahrajn Dżabal ad Duhan
0%
Łotwa Gaizinkalns
0%
Luksemburg Kneiff
0%
Dania Mollehoj
0%
Seszele Morne Seyshellois
0%
Ghana Mount Afadjato
0%
Palau Mount Ngerchelchuus
0%
Grenada Mount Saint Catherine
0%
Kuwejt Mutla
0%
Estonia Suur Munamagi
0%
Holandia Vaalserberg
0%
Nie znaleziono quizów pasujących do podanych kryteriów
Rozkład punktacji
Procent ludzi z każdym wynikiem
Percentyl według liczby udzielonych odpowiedzi
Twoja historia wyników
Nie rozwiązałeś tego quizu